| 000 | 00360 a2200121 4500 | ||
|---|---|---|---|
| 001 | ART_36220 | ||
| 005 | 20260410161701.0 | ||
| 008 | 260409a | ||
| 245 | 1 | 0 | _aEl debate sobre la supervisión financiera integrada |
| 100 | 1 | _aFerro, Gustavo | |
| 700 | 1 | _aDemaestri, Edgardo | |
| 773 | 0 |
_tEnsayos Económicos _g- Nº 72 (jun. 2015) _wREV620 |
|
| 999 |
_c15209 _d15209 |
||